| 000 | 00653nam a22002297a 4500 | ||
|---|---|---|---|
| 003 | LK-CoMWRAF | ||
| 005 | 20240203122347.0 | ||
| 008 | 240203b2008 |||||||| |||| 00| 0 eng d | ||
| 020 | _a9789559669449 | ||
| 040 |
_aLK-CoMWRAF _dLK-CoMWRAF _eLK-CoMWRAF |
||
| 041 | _aeng | ||
| 082 |
_a320.954 _bABO |
||
| 100 | _aAZEEZ, A.M.A. | ||
| 245 |
_aA.M.A. Azeez: _bSenate speeches |
||
| 260 |
_aColombo: _bDr. A.M.A. Azeez foundation, _c2008 |
||
| 300 | _axx., 500 p. portraits | ||
| 650 | _aEDUCATIONIST-Sri Lanka | ||
| 650 | _aPolitical speeches-Sri Lanka | ||
| 700 |
_aJameel, S.H.M. _ecomp. _eed. |
||
| 700 |
_aAzeez, M. Ali _ecomp. _eed. |
||
| 942 | _cBK | ||
| 999 |
_c4722 _d4722 |
||